| 000 | 00820cam a2200265Ka 4500 | ||
|---|---|---|---|
| 001 | 56618 | ||
| 005 | 20230410101831.0 | ||
| 008 | 080318s2002 dr 000 0 spa | ||
| 035 | _a(OCoLC)ocn213435481 | ||
| 040 |
_aDRPUC _cDRPUC _dDRPUC |
||
| 020 | _a9993487007 | ||
| 020 | _a9789993487005 | ||
| 050 | 1 | 4 |
_a118 BJ 1142 _bR788f 2002 |
| 082 | 0 | 0 | _a170 |
| 100 | 1 |
_aRosa y Carpio, Ramón Benito de la, _d1939- |
|
| 245 | 1 | 4 |
_aLos fundamentos de la ética y la moral / _cRamón Benito de la Rosa y Carpio. |
| 260 |
_aSantiago de los Caballeros, R. D. : _bPontificia Universidad Católica Madre y Maestra - PUCMM, _c2002 . |
||
| 300 | _a111 p. | ||
| 440 | 0 | _aColección documentos. | |
| 504 | _aIncluye bibliog. | ||
| 650 | 0 | _aEthics. | |
| 650 | 4 |
_aEtica _xFundamentos |
|
| 942 |
_2lcc _cbk |
||
| 994 |
_aC0 _bDRFGD |
||
| 999 |
_c14790 _d14790 |
||